Soccer Logos - Premier League - Statistics

General Stats
  • This quiz has been taken 718 times
    180 since last reset
  • The average score is 18 of 20
Answer Stats
Picture Answer % Correct
Arsenal
98%
Aston Villa
95%
Chelsea
92%
Everton
91%
Manchester City
91%
Manchester United
91%
Liverpool
90%
Newcastle United
90%
Nottingham Forest
89%
Tottenham Hotspur
89%
Crystal Palace
87%
Wolverhampton Wanderers
87%
Bournemouth
86%
Brentford
86%
Brighton & Hove Albion
86%
West Ham United
86%
Leeds United
85%
Burnley
83%
Fulham
83%
Sunderland
78%
No matching quizzes found
Score Distribution
Percent of People with Each Score
Percentile by Number Answered
Your Score History
You have not taken this quiz since the last reset